<?xml version='1.0' encoding='UTF-8'?><?xml-stylesheet href='static/style.xsl' type='text/xsl'?><OAI-PMH xmlns="http://www.openarchives.org/OAI/2.0/" xmlns:xsi="http://www.w3.org/2001/XMLSchema-instance" xsi:schemaLocation="http://www.openarchives.org/OAI/2.0/ http://www.openarchives.org/OAI/2.0/OAI-PMH.xsd"><responseDate>2026-05-01T10:09:24Z</responseDate><request verb="GetRecord" identifier="oai:ebiltegia.mondragon.edu:20.500.11984/6950" metadataPrefix="marc">https://ebiltegia.mondragon.edu/oai/request</request><GetRecord><record><header><identifier>oai:ebiltegia.mondragon.edu:20.500.11984/6950</identifier><datestamp>2025-04-11T06:15:30Z</datestamp><setSpec>com_20.500.11984_473</setSpec><setSpec>col_20.500.11984_478</setSpec></header><metadata><record xmlns="http://www.loc.gov/MARC21/slim" xmlns:dcterms="http://purl.org/dc/terms/" xmlns:xsi="http://www.w3.org/2001/XMLSchema-instance" xmlns:doc="http://www.lyncode.com/xoai" xsi:schemaLocation="http://www.loc.gov/MARC21/slim http://www.loc.gov/standards/marcxml/schema/MARC21slim.xsd">
   <leader>00925njm 22002777a 4500</leader>
   <datafield ind2=" " ind1=" " tag="042">
      <subfield code="a">dc</subfield>
   </datafield>
   <datafield ind2=" " ind1=" " tag="720">
      <subfield code="a">Barmouz, Mohsen</subfield>
      <subfield code="e">author</subfield>
   </datafield>
   <datafield ind2=" " ind1=" " tag="720">
      <subfield code="a">Viana, Leire</subfield>
      <subfield code="e">author</subfield>
   </datafield>
   <datafield ind2=" " ind1=" " tag="720">
      <subfield code="a">Ai, Qingfeng</subfield>
      <subfield code="e">author</subfield>
   </datafield>
   <datafield ind2=" " ind1=" " tag="720">
      <subfield code="a">Azarhoushang, Bahman</subfield>
      <subfield code="e">author</subfield>
   </datafield>
   <datafield ind2=" " ind1=" " tag="260">
      <subfield code="c">2024</subfield>
   </datafield>
   <datafield ind2=" " ind1=" " tag="520">
      <subfield code="a">This research study is dedicated to additive manufacturing of the shape memory polymer hand orthosis to treat&#xd;
patients with cerebral palsy. The treatment process for cerebral palsy is a step-by-step process that needs&#xd;
different adjustments for the spastic hand to stretch it towards a normal posture, whereas meeting these requirements&#xd;
using conventional methods or complicated mechanisms is expensive, less flexible, time-consuming,&#xd;
and less practical. A comprehensive investigation was conducted to design and fabricate novel thermally actuated&#xd;
customized hand orthosis via digital light processing (DLP). The highly precise scanning device was used to&#xd;
derive the hand model, and subsequently, the Blender software was used to design the customized orthosis. The&#xd;
results showed that fabricated orthosis could represent a strong potential to become an alternative treatment for&#xd;
cerebral palsy. The shape memory actuation of the orthosis indicated that 100 % shape recovery is achievable in&#xd;
different actuating conditions with recovery temperatures higher than 55◦C. Besides, it was found that the&#xd;
response time and shape recovery percentage could be tailored in the range of 5 to 40 s and 45 to 100%,&#xd;
respectively, by adjusting programming and actuation temperatures. Further, the repeatability of the shape&#xd;
memory effects in the printed orthosis was investigated as well, which proved that until 17 repetitions, 100 %&#xd;
shape recovery was achievable.</subfield>
   </datafield>
   <datafield ind1="8" ind2=" " tag="024">
      <subfield code="a">1873-4030</subfield>
   </datafield>
   <datafield ind1="8" ind2=" " tag="024">
      <subfield code="a">https://katalogoa.mondragon.edu/janium-bin/janium_login_opac.pl?find&amp;ficha_no=174057</subfield>
   </datafield>
   <datafield ind1="8" ind2=" " tag="024">
      <subfield code="a">https://hdl.handle.net/20.500.11984/6950</subfield>
   </datafield>
   <datafield tag="653" ind2=" " ind1=" ">
      <subfield code="a">Cerebral palsy</subfield>
   </datafield>
   <datafield tag="653" ind2=" " ind1=" ">
      <subfield code="a">4D-printing</subfield>
   </datafield>
   <datafield tag="653" ind2=" " ind1=" ">
      <subfield code="a">Shape memory effects</subfield>
   </datafield>
   <datafield tag="653" ind2=" " ind1=" ">
      <subfield code="a">Orthopedic treatment</subfield>
   </datafield>
   <datafield ind2="0" ind1="0" tag="245">
      <subfield code="a">Design and fabrication of a novel 4D-printed customized hand orthosis to treat cerebral palsy</subfield>
   </datafield>
</record></metadata></record></GetRecord></OAI-PMH>